[Event "TCh-FRA Top 12 2014"]
[Site "Saint-Quentin FRA"]
[Date "2014.05.27"]
[Round "4.6"]
[White "Marcelin, Cyril"]
[Black "Milliet, Sophie"]
[Result "1/2-1/2"]
[WhiteTitle "GM"]
[BlackTitle "IM"]
[WhiteElo "2490"]
[BlackElo "2393"]
[WhiteTeam "Bischwiller"]
[BlackTeam "Evry Grand Roque"]
[WhiteFideId "607274"]
[BlackFideId "623725"]
[EventDate "2014.05.24"]

1. e4 c5 2. Nf3 e6 3. g3 Nc6 4. Bg2 Nf6 5. Qe2 e5 6. O-O Be7 7. Nc3 O-O 8. Nd5
Nxd5 9. exd5 Nd4 10. Nxd4 exd4 11. Re1 Bf6 12. c4 d6 13. d3 Bd7 14. Bf4 Re8 15.
Qd2 Qc7 16. h4 Rxe1+ 17. Rxe1 Re8 18. Bh3 Rxe1+ 19. Qxe1 Kf8 20. Bxd7 Qxd7 21.
a4 Bd8 22. b4 b6 23. bxc5 bxc5 24. Qb1 Qc7 25. Qb5 Ke7 26. Kg2 Qb6 27. g4 a6 28.
Bg5+ f6 29. Qxb6 Bxb6 30. Bd2 Kf7 31. Kf3 Bc7 32. Ke4 Bd8 33. Bf4 Bc7 34. Kf5
Bb8 35. Bd2 Bc7 36. Ke4 Bd8 37. Bf4 Bc7 38. Bg3 Bb8 39. f3 Bc7 40. Bh2 Bb8 41.
Bg3 Bc7 42. Be1 Bd8 43. f4 Bc7 44. f5 Bd8 45. Bd2 Bc7 46. Kf4 h6 47. h5 1/2-1/2

[Event "TCh-FRA Top 12 2014"]
[Site "Saint-Quentin FRA"]
[Date "2014.05.27"]
[Round "4.7"]
[White "Gordon, Stephen J"]
[Black "Kosten, Anthony C."]
[Result "1-0"]
[WhiteTitle "GM"]
[BlackTitle "GM"]
[WhiteElo "2493"]
[BlackElo "2455"]
[WhiteTeam "Evry Grand Roque"]
[BlackTeam "Bischwiller"]
[WhiteFideId "411477"]
[BlackFideId "400114"]
[EventDate "2014.05.24"]

1. Nf3 Nf6 2. g3 d5 3. Bg2 e6 4. O-O Be7 5. c4 O-O 6. b3 c5 7. cxd5 Nxd5 8. Bb2
Nc6 9. d4 b6 10. Nc3 Nxc3 11. Bxc3 Ba6 12. Ne5 Nxe5 13. Bxa8 cxd4 14. Qxd4 Qxa8
15. Qxe5 Bf6 16. Qe3 Bxc3 17. Qxc3 Bxe2 18. Rfe1 Bf3 19. Re3 Bd5 20. Rc1 h6 21.
Rd3 Be4 22. Rd2 Bh1 23. f4 Bd5 24. h3 Qb7 25. Kh2 Qe7 26. Qd4 Rd8 27. g4 Qa3 28.
Rc3 Qe7 29. Kg3 Rf8 30. Qe3 Ba8 31. h4 Qb7 32. h5 Qh1 33. Rh2 Qd1 34. Rc1 Qd6
35. Rd2 Qa3 36. Rc7 Bd5 37. Rdc2 Qa6 38. Qe2 Qa3 39. Rc8 Qd6 40. Qe5 Qb4 41. g5
Kh7 42. Rxf8 Qxf8 43. Rc7 hxg5 44. fxg5 Kg8 45. h6 gxh6 46. gxh6 Kh7 47. Rc8 1-0

[Event "TCh-FRA Top 12 2014"]
[Site "Saint-Quentin FRA"]
[Date "2014.05.27"]
[Round "4.8"]
[White "Maisuradze, Nino"]
[Black "Bergez, Luc"]
[Result "1-0"]
[WhiteTitle "WGM"]
[BlackTitle "IM"]
[WhiteElo "2258"]
[BlackElo "2380"]
[WhiteTeam "Bischwiller"]
[BlackTeam "Evry Grand Roque"]
[WhiteFideId "13601717"]
[BlackFideId "606600"]
[EventDate "2014.05.24"]

1. d4 Nf6 2. Nf3 g6 3. c4 Bg7 4. Nc3 O-O 5. g3 d6 6. Bg2 Nbd7 7. O-O e5 8. e4
exd4 9. Nxd4 Re8 10. h3 c6 11. Re1 a5 12. Bg5 a4 13. Nxa4 Qa5 14. Bxf6 Bxf6 15.
Nc3 Nb6 16. Nb3 Qb4 17. c5 Nc4 18. a3 Nxa3 19. e5 Rxe5 20. Ne4 Bg7 21. Rxa3 Rxa3
22. bxa3 Qxa3 23. Qxd6 h6 24. Nf6+ Bxf6 25. Rxe5 Bxe5 26. Qxe5 Bxh3 27. Qe8+ Kg7
28. Qe5+ Kg8 29. Bxh3 Qxb3 30. Qd4 h5 31. Bf1 Qb1 32. Kg2 Qf5 33. Bc4 Kf8 34.
Qd8+ Kg7 35. Qd4+ Kf8 36. Qf4 Qd7 37. Qf6 Ke8 38. Qe5+ Kf8 39. Bb3 Qd3 40. Qb8+
Kg7 41. Qe5+ Kf8 42. Qd6+ Qxd6 43. cxd6 f6 44. Be6 b5 45. Bd7 b4 46. Bxc6 b3 47.
Be4 g5 48. Kf3 b2 49. Ke2 Kf7 50. Bf5 b1=Q 51. Bxb1 Ke6 52. Bg6 Kd5 1-0

[Event "TCh-FRA Top 12 2014"]
[Site "Saint-Quentin FRA"]
[Date "2014.05.27"]
[Round "4.1"]
[White "Navara, David"]
[Black "Swiercz, Dariusz"]
[Result "1/2-1/2"]
[WhiteTitle "GM"]
[BlackTitle "GM"]
[WhiteElo "2708"]
[BlackElo "2608"]
[WhiteTeam "Mulhouse Philidor"]
[BlackTeam "C.E. de Rueil Malmaison"]
[WhiteFideId "309095"]
[BlackFideId "1126881"]
[EventDate "2014.05.24"]

1. e4 c5 2. Nf3 d6 3. d4 cxd4 4. Nxd4 Nf6 5. Nc3 a6 6. h3 e5 7. Nb3 Be7 8. g4
Be6 9. g5 Nfd7 10. h4 O-O 11. Bh3 Nb6 12. g6 Bxh3 13. gxh7+ Kh8 14. Rxh3 N8d7
15. Qe2 Rc8 16. Be3 Nc4 17. O-O-O b5 18. Nd5 Nf6 19. Nxf6 Bxf6 20. Nd2 Qd7 21.
Rh2 Qe6 22. Nxc4 Rxc4 23. Qd3 Qg4 24. Rhh1 Rfc8 25. Rd2 Be7 26. b3 Qxe4 27. Qxe4
Rxe4 28. Bg5 f6 29. f3 Rd4 30. Rxd4 exd4 31. Bd2 d3 32. Re1 Rxc2+ 33. Kd1 Rc7
34. Ba5 Rd7 35. Kd2 Kxh7 36. Kxd3 f5 37. Bd2 Kg6 38. Rg1+ Kf7 39. h5 Bf6 40. Rc1
Ke6 41. Rc6 Ra7 42. Rc8 a5 43. Be3 Ra6 44. a4 bxa4 45. bxa4 d5 46. Rb8 Rc6 47.
Rb6 Kd6 48. Bf4+ Kd7 49. Rxc6 Kxc6 50. Bd2 Kb6 51. Be3+ Kc6 1/2-1/2

[Event "TCh-FRA Top 12 2014"]
[Site "Saint-Quentin FRA"]
[Date "2014.05.27"]
[Round "4.2"]
[White "Baron, Tal"]
[Black "Wojtaszek, Radoslaw"]
[Result "1/2-1/2"]
[WhiteTitle "GM"]
[BlackTitle "GM"]
[WhiteElo "2515"]
[BlackElo "2724"]
[WhiteTeam "C.E. de Rueil Malmaison"]
[BlackTeam "Mulhouse Philidor"]
[WhiteFideId "2809958"]
[BlackFideId "1118358"]
[EventDate "2014.05.24"]

1. d4 Nf6 2. c4 e6 3. Nf3 b6 4. g3 Ba6 5. Qa4 Bb7 6. Bg2 c5 7. dxc5 bxc5 8. O-O
Be7 9. Nc3 O-O 10. Rd1 Qb6 11. Bf4 h6 12. Rab1 Rd8 13. a3 Na6 14. Qb5 d6 15. b4
cxb4 16. axb4 Rac8 17. Nd2 Bxg2 18. Kxg2 Nb8 19. Qxb6 axb6 20. Nb5 Nc6 21. Be3
Rb8 22. Nd4 Nxd4 23. Bxd4 b5 24. Rdc1 e5 25. Bc3 Rdc8 26. Ba1 Kf8 27. f4 exf4
28. gxf4 bxc4 29. Bxf6 Bxf6 30. Nxc4 d5 31. Ne3 Re8 32. Kf3 Rb5 33. Rc5 Rxc5 34.
bxc5 Bd4 35. Nxd5 Bxc5 36. Rb5 Be7 37. Nxe7 Rxe7 1/2-1/2

[Event "TCh-FRA Top 12 2014"]
[Site "Saint-Quentin FRA"]
[Date "2014.05.27"]
[Round "4.3"]
[White "Degraeve, Jean-Marc"]
[Black "Williams, Simon K"]
[Result "1-0"]
[WhiteTitle "GM"]
[BlackTitle "GM"]
[WhiteElo "2576"]
[BlackElo "2465"]
[WhiteTeam "Mulhouse Philidor"]
[BlackTeam "C.E. de Rueil Malmaison"]
[WhiteFideId "600270"]
[BlackFideId "404454"]
[EventDate "2014.05.24"]

1. e4 d6 2. d4 g6 3. Nc3 Bg7 4. Nf3 Nd7 5. Be2 e5 6. dxe5 dxe5 7. Bc4 h6 8. a4
Ngf6 9. h3 O-O 10. a5 c6 11. Qd6 Kh7 12. a6 Ne8 13. axb7 Bxb7 14. Qb4 Qc7 15.
Ba6 Qb6 16. Qa3 Nc7 17. Bxb7 Qxb7 18. O-O Ne6 19. Qa6 Qb6 20. Qc4 Nd4 21. Rd1
Nxf3+ 22. gxf3 Qb7 23. Be3 Nf6 24. b3 Nh5 25. Ra6 Nf4 26. Rxc6 Rac8 27. Rdd6
Rxc6 28. Rxc6 Qd7 29. Bxf4 exf4 30. Kg2 Bxc3 31. Qxc3 Qe7 32. Qc5 Qd8 33. Ra6
Kg8 34. Rxa7 Re8 35. Rc7 Kg7 36. b4 Qf6 37. Rc6 Qh4 38. Rc8 Rxc8 39. Qxc8 Qg5+
40. Kh2 1-0

[Event "TCh-FRA Top 12 2014"]
[Site "Saint-Quentin FRA"]
[Date "2014.05.27"]
[Round "4.4"]
[White "Renet, Olivier"]
[Black "Gajewski, Grzegorz"]
[Result "1/2-1/2"]
[WhiteTitle "GM"]
[BlackTitle "GM"]
[WhiteElo "2480"]
[BlackElo "2641"]
[WhiteTeam "C.E. de Rueil Malmaison"]
[BlackTeam "Mulhouse Philidor"]
[WhiteFideId "600040"]
[BlackFideId "1116207"]
[EventDate "2014.05.24"]

1. e4 c5 2. Nf3 e6 3. d4 cxd4 4. Nxd4 a6 5. Bd3 Bc5 6. Nb3 Be7 7. Qg4 g6 8. Qe2
d6 9. O-O Nd7 10. Na3 Ne5 11. Nc4 Nxc4 12. Bxc4 Qc7 13. Bd3 Bd7 14. c4 Nf6 15.
Bh6 e5 16. Rac1 Ng4 17. Bd2 O-O 18. c5 dxc5 19. h3 Nf6 20. Nxc5 Bc6 21. b4 Rfd8
22. Rfd1 Nd7 23. Nb3 Qb6 24. a3 Ba4 25. Bc4 Qf6 26. Be3 Nb6 27. Rxd8+ Bxd8 28.
Na5 Nxc4 29. Qxc4 Bxa5 30. bxa5 1/2-1/2

[Event "TCh-FRA Top 12 2014"]
[Site "Saint-Quentin FRA"]
[Date "2014.05.27"]
[Round "4.5"]
[White "Sokolov, Andrei1"]
[Black "Dubessay, Bastien"]
[Result "1/2-1/2"]
[WhiteTitle "GM"]
[BlackTitle "FM"]
[WhiteElo "2560"]
[BlackElo "2352"]
[WhiteTeam "Mulhouse Philidor"]
[BlackTeam "C.E. de Rueil Malmaison"]
[WhiteFideId "627089"]
[BlackFideId "650048"]
[EventDate "2014.05.24"]

1. e4 c6 2. c4 d5 3. exd5 cxd5 4. cxd5 Nf6 5. Nc3 Nxd5 6. Nf3 Nc6 7. Bc4 Nb6 8.
Bb3 g6 9. Ng5 e6 10. d3 Bg7 11. h4 Nb4 12. Rh3 h6 13. Nge4 e5 14. Rg3 N4d5 15.
Qf3 Be6 16. Nc5 O-O 17. Nxe6 fxe6 18. Qe4 Qf6 19. Be3 Nxe3 20. Qxe3 e4 21. dxe4
Rad8 22. Rd1 Qxh4 23. Rxd8 Qh1+ 24. Ke2 Rxd8 25. Qc5 Qc1 26. Rd3 Qxb2+ 27. Ke3
Qc1+ 28. Ke2 Qb2+ 29. Ke3 Qc1+ 1/2-1/2

[Event "TCh-FRA Top 12 2014"]
[Site "Saint-Quentin FRA"]
[Date "2014.05.27"]
[Round "4.6"]
[White "Camus de Solliers, Guillaume"]
[Black "Riff, Jean-Noel"]
[Result "0-1"]
[WhiteTitle "FM"]
[BlackTitle "IM"]
[WhiteElo "2351"]
[BlackElo "2458"]
[WhiteTeam "C.E. de Rueil Malmaison"]
[BlackTeam "Mulhouse Philidor"]
[WhiteFideId "631256"]
[BlackFideId "611190"]
[EventDate "2014.05.24"]

1. d4 Nf6 2. c4 e6 3. Nf3 Bb4+ 4. Nbd2 d5 5. Qa4+ Nc6 6. e3 O-O 7. Bd3 Be7 8. a3
Bd7 9. Qc2 Be8 10. O-O h6 11. b3 a6 12. Bb2 Na7 13. Rad1 Rc8 14. e4 b5 15. cxd5
exd5 16. e5 Nd7 17. Bf5 c6 18. Rfe1 Rc7 19. Nf1 Nb6 20. Ng3 a5 21. Bc1 a4 22.
bxa4 bxa4 23. e6 Bd6 24. exf7+ Bxf7 25. Ne5 Be8 26. Qe2 Nb5 27. Rd3 Nd7 28. Be6+
Kh8 29. Qg4 Bxe5 30. dxe5 Nc5 31. Rf3 Nxe6 32. Qxe6 Rxf3 33. gxf3 Qc8 34. Qxc8
Rxc8 35. Bb2 c5 36. Rc1 Bg6 37. Ne2 Bf5 38. f4 d4 39. Ng3 Bd3 40. Rd1 c4 41. Bc1
Bc2 42. Re1 c3 43. e6 d3 44. Ne4 Nd4 45. Kg2 d2 46. Nxd2 cxd2 47. Bxd2 Re8 48.
e7 Nc6 49. Rc1 Bb3 50. f5 Rxe7 51. f6 gxf6 52. Bxh6 Ne5 53. Rc8+ Kh7 54. Be3
Rg7+ 55. Kf1 Bc4+ 56. Ke1 Nf3+ 57. Kd1 Bd3 0-1

[Event "TCh-FRA Top 12 2014"]
[Site "Saint-Quentin FRA"]
[Date "2014.05.27"]
[Round "4.7"]
[White "Ider, Borya"]
[Black "Debray, Christopher"]
[Result "1-0"]
[WhiteTitle "FM"]
[BlackTitle "IM"]
[WhiteElo "2392"]
[BlackElo "2351"]
[WhiteTeam "Mulhouse Philidor"]
[BlackTeam "C.E. de Rueil Malmaison"]
[WhiteFideId "4901134"]
[BlackFideId "630810"]
[EventDate "2014.05.24"]

1. Nf3 d5 2. g3 Nc6 3. d4 Bg4 4. Bg2 e6 5. O-O Bd6 6. c4 Nf6 7. Nc3 dxc4 8. Qa4
O-O 9. Qxc4 h6 10. e4 e5 11. d5 Ne7 12. h3 Bd7 13. Rd1 a6 14. Qe2 b5 15. a3 Qb8
16. Be3 a5 17. Qc2 b4 18. Nb1 a4 19. Nbd2 Ng6 20. Ne1 bxa3 21. bxa3 Qc8 22. Kh2
Rb8 23. Nc4 Rb3 24. Rdb1 Qb8 25. Na5 Rxb1 26. Rxb1 Qa8 27. Nc4 Rb8 28. Nd3 Rxb1
29. Qxb1 Qa6 30. Nxd6 cxd6 31. Qb8+ Ne8 32. Nb4 Qc4 33. Bf3 Kf8 34. Qd8 Qc7 35.
Bb6 Qc3 36. Bh5 Qxa3 37. Nc6 Bxc6 38. dxc6 Ne7 39. c7 Qc3 40. Bg4 a3 41. Bh5 Ng6 1-0

[Event "TCh-FRA Top 12 2014"]
[Site "Saint-Quentin FRA"]
[Date "2014.05.27"]
[Round "4.8"]
[White "Congiu, Mathilde"]
[Black "Choisy, Mathilde"]
[Result "0-1"]
[WhiteTitle "WIM"]
[BlackTitle "WFM"]
[WhiteElo "2279"]
[BlackElo "2144"]
[WhiteTeam "C.E. de Rueil Malmaison"]
[BlackTeam "Mulhouse Philidor"]
[WhiteFideId "634581"]
[BlackFideId "634565"]
[EventDate "2014.05.24"]

1. e4 d6 2. d4 Nf6 3. Nc3 e5 4. Nf3 Nbd7 5. g4 Nxg4 6. Rg1 Ngf6 7. Be3 c6 8. Qd2
b5 9. a3 Qa5 10. O-O-O Rb8 11. Kb1 b4 12. axb4 Qxb4 13. b3 Qa5 14. Kb2 Qc7 15.
dxe5 dxe5 16. Bc4 h6 17. Qd3 g6 18. Nh4 Nb6 19. Bxb6 axb6 20. f4 Bg4 21. fxe5
Bxd1 22. Rxd1 Qxe5 23. Nf3 Qe7 24. Nb5 Rd8 25. Qxd8+ Qxd8 26. Rxd8+ Kxd8 27.
Nbd4 Nxe4 28. Bxf7 g5 29. Bg6 Nd6 30. Nxc6+ Kc7 31. Ncd4 Bg7 32. c3 Bxd4 33.
Nxd4 Rg8 34. Bh5 Ne4 35. Bf3 Nd6 36. h3 Re8 37. Kc2 Re7 38. Kd3 Re1 39. c4 Rb1
40. Kc3 Re1 41. Kd3 Rg1 42. Ne2 Rd1+ 43. Kc3 Rf1 44. Bd5 Nf5 45. b4 Kd6 46. Kd3
Ke5 47. Bb7 Rd1+ 48. Kc2 Ne3+ 49. Kc3 Rd7 50. Bc6 Rf7 51. Kd3 Nd1 52. Kd2 Nf2
53. Bg2 Rd7+ 54. Ke3 Nd1+ 55. Kf3 Rd3+ 56. Kg4 Ne3+ 57. Kg3 Nxg2+ 0-1

[Event "TCh-FRA Top 12 2014"]
[Site "Saint-Quentin FRA"]
[Date "2014.05.27"]
[Round "4.1"]
[White "Vachier-Lagrave, Maxime"]
[Black "Vaisser, Anatoly"]
[Result "1-0"]
[WhiteTitle "GM"]
[BlackTitle "GM"]
[WhiteElo "2758"]
[BlackElo "2531"]
[WhiteTeam "Clichy-Echecs-92"]
[BlackTeam "C.E. Strasbourg"]
[WhiteFideId "623539"]
[BlackFideId "603252"]
[EventDate "2014.05.24"]

1. Nf3 f5 2. d3 d6 3. e4 e5 4. Nc3 Nc6 5. exf5 Bxf5 6. d4 exd4 7. Nxd4 Nxd4 8.
Qxd4 Nf6 9. Bc4 c6 10. Bg5 h6 11. Bh4 d5 12. O-O-O Be7 13. Rhe1 O-O 14. Qe5 Bg4
15. f3 Bd6 16. Nxd5 cxd5 17. Rxd5 Bxe5 18. Rxd8+ Kh7 19. Bd3+ g6 20. Rxf8 Rxf8
21. Kb1 Bf4 22. Bxf6 Ra8 1-0

[Event "TCh-FRA Top 12 2014"]
[Site "Saint-Quentin FRA"]
[Date "2014.05.27"]
[Round "4.2"]
[White "Rozentalis, Eduardas"]
[Black "Matlakov, Maxim"]
[Result "1/2-1/2"]
[WhiteTitle "GM"]
[BlackTitle "GM"]
[WhiteElo "2618"]
[BlackElo "2689"]
[WhiteTeam "C.E. Strasbourg"]
[BlackTeam "Clichy-Echecs-92"]
[WhiteFideId "12800023"]
[BlackFideId "4168003"]
[EventDate "2014.05.24"]

1. e4 c5 2. Nf3 e6 3. c3 d5 4. exd5 Qxd5 5. d4 Nf6 6. Bd3 Be7 7. O-O O-O 8. Qe2
Nc6 9. dxc5 Rd8 10. Bc2 Qxc5 11. Bg5 Bd7 12. Nbd2 g6 13. Nb3 Qb6 14. Rad1 Be8
15. Qc4 Nh5 16. Qh4 Qc7 17. Nbd4 Bxg5 18. Qxg5 Nxd4 19. Rxd4 Rxd4 20. Nxd4 Nf4
21. Re1 Rd8 22. h4 1/2-1/2

[Event "TCh-FRA Top 12 2014"]
[Site "Saint-Quentin FRA"]
[Date "2014.05.27"]
[Round "4.3"]
[White "Van Wely, Loek"]
[Black "Baklan, Vladimir"]
[Result "1/2-1/2"]
[WhiteTitle "GM"]
[BlackTitle "GM"]
[WhiteElo "2656"]
[BlackElo "2636"]
[WhiteTeam "Clichy-Echecs-92"]
[BlackTeam "C.E. Strasbourg"]
[WhiteFideId "1000268"]
[BlackFideId "14102196"]
[EventDate "2014.05.24"]

1. d4 Nf6 2. c4 g6 3. Nc3 Bg7 4. e4 d6 5. Nf3 O-O 6. Be2 e5 7. O-O exd4 8. Nxd4
c6 9. Re1 Re8 10. Bf1 Nbd7 11. Bg5 h6 12. Bh4 Qb6 13. Na4 Qa5 14. f3 a6 15. Bf2
c5 16. Ne2 b5 17. Nac3 b4 18. Na4 Ne5 19. b3 Bd7 20. Nb2 Qc7 21. Nd3 Nh5 22.
Ndf4 Nxf4 23. Nxf4 Bc6 24. a4 bxa3 25. Rxa3 a5 26. Qc2 Bb7 27. Rd1 Nc6 28. Qd2
Nd4 29. Ne2 Nxe2+ 30. Bxe2 Ra6 31. Bd3 Bc6 32. Bc2 Bd7 33. g4 Rea8 34. Be3 Kh7
35. Ra2 a4 36. bxa4 Bxa4 37. Bxa4 Rxa4 38. Rxa4 Rxa4 39. Qxd6 Qxd6 40. Rxd6 Rxc4
41. Rd7 Kg8 42. Rd8+ Kh7 43. Rd7 Kg8 44. Rd8+ Kh7 45. Rd7 Kg8 1/2-1/2

[Event "TCh-FRA Top 12 2014"]
[Site "Saint-Quentin FRA"]
[Date "2014.05.27"]
[Round "4.4"]
[White "Sanikidze, Tornike"]
[Black "Hamdouchi, Hicham"]
[Result "1-0"]
[WhiteTitle "GM"]
[BlackTitle "GM"]
[WhiteElo "2514"]
[BlackElo "2627"]
[WhiteTeam "C.E. Strasbourg"]
[BlackTeam "Clichy-Echecs-92"]
[WhiteFideId "13602608"]
[BlackFideId "9000011"]
[EventDate "2014.05.24"]

1. d4 Nf6 2. c4 g6 3. Nc3 Bg7 4. e4 O-O 5. f3 c5 6. dxc5 b6 7. Be3 bxc5 8. Bxc5
Nc6 9. Qd2 Rb8 10. Rc1 d6 11. Be3 Re8 12. Nge2 e6 13. Nd4 Nxd4 14. Bxd4 d5 15.
e5 Nd7 16. f4 f6 17. exf6 Bxf6 18. Bxa7 Ra8 19. Bf2 Bb7 20. Be2 d4 21. Bxd4 Bh4+
22. Kf1 e5 23. Bf2 Bxf2 24. Kxf2 exf4 25. Rhd1 Qb6+ 26. Qd4 Nc5 27. Kf1 Qxb2 28.
Qxc5 Re3 29. Rb1 Bxg2+ 30. Kxg2 Qxc3 31. Qd5+ Kg7 32. Qxa8 Rxe2+ 33. Kh1 Qh3 34.
Rb7+ Kh6 35. Qf8+ 1-0

[Event "TCh-FRA Top 12 2014"]
[Site "Saint-Quentin FRA"]
[Date "2014.05.27"]
[Round "4.5"]
[White "Tregubov, Pavel V."]
[Black "Nataf, Igor-Alexandre"]
[Result "1-0"]
[WhiteTitle "GM"]
[BlackTitle "GM"]
[WhiteElo "2616"]
[BlackElo "2541"]
[WhiteTeam "Clichy-Echecs-92"]
[BlackTeam "C.E. Strasbourg"]
[WhiteFideId "4115341"]
[BlackFideId "605492"]
[EventDate "2014.05.24"]

1. d4 Nf6 2. c4 g6 3. g3 Bg7 4. Bg2 O-O 5. Nc3 c5 6. d5 d6 7. e4 e6 8. Nge2 exd5
9. exd5 Nbd7 10. O-O a6 11. a4 Ne5 12. b3 Bf5 13. h3 Nd3 14. Bg5 Nb4 15. Qd2 Qd7
16. g4 Bd3 17. Rfe1 Rfe8 18. Ng3 Bc2 19. Rec1 Bxb3 20. Ra3 Bxc4 21. Bxf6 Bxf6
22. Nce4 Bg7 23. Rxc4 b5 24. Rc1 bxa4 25. g5 Qe7 26. Rxa4 Qe5 27. Rd1 a5 28. Bf1
f5 29. gxf6 Bxf6 30. Nxf6+ Qxf6 31. Ra3 Re5 32. Bg2 Qh4 33. Rda1 Qd4 34. Nf1 Rf8
35. Qxd4 cxd4 36. Rd1 Re2 37. Ng3 Rexf2 38. Rxa5 Nc2 39. Be4 Ne3 40. Rxd4 R2f4
41. Rda4 h5 42. Bh1 h4 43. Rxf4 Rxf4 44. Ra3 Nc4 45. Ne2 Rf5 46. Rc3 Nb6 47. Rd3
Nd7 48. Nd4 Rg5+ 49. Kf2 Nf6 50. Nb5 Rf5+ 51. Bf3 Ne4+ 52. Ke3 Ng5 53. Bg2 Nf7
54. Rd4 g5 55. Re4 Kg7 56. Re6 Rf6 57. Bf3 Nh6 58. Rxf6 1-0

[Event "TCh-FRA Top 12 2014"]
[Site "Saint-Quentin FRA"]
[Date "2014.05.27"]
[Round "4.6"]
[White "Heinz, Timothee"]
[Black "Delorme, Axel"]
[Result "1/2-1/2"]
[WhiteTitle "FM"]
[BlackTitle "IM"]
[WhiteElo "2322"]
[BlackElo "2487"]
[WhiteTeam "C.E. Strasbourg"]
[BlackTeam "Clichy-Echecs-92"]
[WhiteFideId "623369"]
[BlackFideId "632023"]
[EventDate "2014.05.24"]

1. e4 e5 2. Bc4 Nf6 3. d3 c6 4. Nf3 d5 5. Bb3 Bd6 6. exd5 cxd5 7. Bg5 Be6 8. O-O
Nc6 9. Re1 h6 10. Bxf6 gxf6 11. Nc3 Bc7 12. Ne2 f5 13. c4 d4 14. Ba4 O-O 15.
Bxc6 bxc6 16. Qa4 Bd7 17. Ng3 Qf6 18. Re2 Kh8 19. Rae1 Rg8 20. Nxe5 Bxe5 21.
Rxe5 f4 22. Nh5 Qh4 23. Ng3 fxg3 24. hxg3 Qf6 25. c5 Rge8 26. Qxd4 Rxe5 27. Rxe5
Be6 28. Qc3 Kg7 29. a3 Rd8 30. d4 Rd5 31. Re4 Rf5 32. Qe3 Qg5 33. Qc3 Bd5 34.
Re3 Qg4 35. Re5 Rh5 36. f3 Qg6 37. Qe1 Rxe5 38. Qxe5+ Qf6 39. Qe3 Qf5 40. b4 Qg5
41. Qe1 h5 42. Kh2 Bc4 43. Qe4 Qd5 44. Qf4 Bd3 45. Qe3 Bg6 46. Qe7 Qxd4 47. Qxa7
Qe5 48. Qd7 h4 1/2-1/2

[Event "TCh-FRA Top 12 2014"]
[Site "Saint-Quentin FRA"]
[Date "2014.05.27"]
[Round "4.7"]
[White "Lagarde, Maxime"]
[Black "Roos, Louis"]
[Result "1-0"]
[WhiteTitle "GM"]
[BlackTitle "IM"]
[WhiteElo "2510"]
[BlackElo "2351"]
[WhiteTeam "Clichy-Echecs-92"]
[BlackTeam "C.E. Strasbourg"]
[WhiteFideId "662399"]
[BlackFideId "600288"]
[EventDate "2014.05.24"]

1. d4 d5 2. c4 e6 3. Nc3 Nf6 4. cxd5 exd5 5. Bg5 Be7 6. e3 Nbd7 7. Qc2 O-O 8.
Bd3 c6 9. Nge2 Re8 10. O-O Nf8 11. f3 Nh5 12. Bxe7 Qxe7 13. e4 dxe4 14. fxe4 Qg5
15. Qc1 Qxc1 16. Nxc1 Ne6 17. N1e2 Nf6 18. e5 Nd7 19. Ne4 Re7 20. Rac1 Rb8 21.
Bc4 Nb6 22. Bb3 Nd8 23. N2g3 Be6 24. Rc3 Bxb3 25. Nf5 Re6 26. Rxb3 Nd5 27. Nfd6
f6 28. Nc5 Re7 29. Nf5 Re8 30. Rg3 g6 31. Nd7 Ra8 32. Nxf6+ Nxf6 33. exf6 Re4
34. Ne7+ Kf7 35. Rh3 h5 36. Rg3 Ne6 37. Rxg6 Nf4 38. Rh6 Ke6 39. g3 Nh3+ 40. Kg2
Ng5 41. Rxh5 Re2+ 42. Kg1 Ne4 43. Re5+ 1-0

[Event "TCh-FRA Top 12 2014"]
[Site "Saint-Quentin FRA"]
[Date "2014.05.27"]
[Round "4.8"]
[White "Nicoara, Malina"]
[Black "Skripchenko, Almira"]
[Result "0-1"]
[WhiteTitle "WIM"]
[BlackTitle "IM"]
[WhiteElo "2108"]
[BlackElo "2442"]
[WhiteTeam "C.E. Strasbourg"]
[BlackTeam "Clichy-Echecs-92"]
[WhiteFideId "604631"]
[BlackFideId "13900145"]
[EventDate "2014.05.24"]

1. d4 Nf6 2. c4 e6 3. Nc3 Bb4 4. Qc2 O-O 5. a3 Bxc3+ 6. Qxc3 Qe8 7. Nf3 d6 8. b3
Nbd7 9. Bb2 Ne4 10. Qc2 f5 11. e3 b6 12. Nd2 Ndf6 13. f3 Nxd2 14. Qxd2 Qe7 15.
Be2 Bb7 16. O-O Rae8 17. Bd3 Nd7 18. Qc2 Qg5 19. f4 Qg6 20. b4 Nf6 21. c5 Bd5
22. Rae1 Kh8 23. Re2 Re7 24. a4 Qe8 25. Ba3 Rg8 26. cxd6 cxd6 27. b5 Rd7 28. Rc1
Qh5 29. Qd2 g5 30. Bc4 Ne4 31. Qe1 gxf4 32. exf4 Qf3 33. Bxd5 exd5 0-1

[Event "TCh-FRA Top 12 2014"]
[Site "Saint-Quentin FRA"]
[Date "2014.05.27"]
[Round "4.1"]
[White "Ipatov, Alexander"]
[Black "David, Alberto"]
[Result "1/2-1/2"]
[WhiteTitle "GM"]
[BlackTitle "GM"]
[WhiteElo "2613"]
[BlackElo "2579"]
[WhiteTeam "C.E. de Bois-Colombes"]
[BlackTeam "Les Tours de Haute Picardie"]
[WhiteFideId "14116731"]
[BlackFideId "4000013"]
[EventDate "2014.05.24"]

1. d4 Nf6 2. c4 e6 3. Nc3 Bb4 4. Nf3 b6 5. Bg5 h6 6. Bh4 g5 7. Bg3 Ne4 8. Qc2
Bb7 9. e3 Bxc3+ 10. bxc3 d6 11. Bd3 f5 12. d5 Nd7 13. Bxe4 fxe4 14. Qxe4 Qf6 15.
O-O Nc5 16. Qd4 O-O 17. e4 e5 18. Qe3 Qg6 19. Nd2 Rf6 20. Rab1 Raf8 21. f3 Bc8
22. Qe2 g4 23. fxg4 Bxg4 24. Qe3 Qg5 25. Rfe1 Bh5 26. Qxg5+ hxg5 27. Re3 Bg6 28.
Rbe1 Bh5 29. Nb3 Na4 30. h4 gxh4 31. Bxh4 Rg6 32. Nd2 Nb2 33. Rh3 Bg4 34. Rg3
Kg7 35. Rb1 Na4 36. Rf1 Bh5 37. Rxf8 Kxf8 38. Rh3 Bg4 39. Re3 Ke8 40. Bf2 Bc8
41. Nb1 Bg4 42. Rg3 1/2-1/2